000 00777nam a2200253 i 4500
001 000015469
003 DO-SdBNP
005 20250925082806.0
007 ta
008 100210s2003 dr 000 0 spa d
040 _aDO-SdBNP
_bspa
_cBNPHU
_erda
082 4 _a330.97293
_bC334c
_222
100 1 _aCasals Victoria, Pedro Manuel
_97723
245 1 3 _aLa crisis nacional :
_borígenes y soluciones /
_cPedro Manuel Casals.
264 1 _aSanto Domingo :
_bCorripio,
_c2003.
300 _a127 páginas
_c22 cm.
336 _2rdacontent
_atexto
_btxt
337 _2rdamedia
_asin mediación
_bn
338 _2rdacarrier
_avolumen
_bnc
590 _aInventariado, 2024/ YL
650 7 _aCrisis económica
_zRepública Dominicana
_99159
910 _aYLockward
942 _2ddc
_cLBS1
999 _c15025
_d15025